|
|
|
|
| LEADER |
00000nab a2200000 4500 |
| 001 |
vtls012125223 |
| 003 |
SK-MaSNL |
| 005 |
20260318122237.0 |
| 008 |
220228|2022 xo |||| || ||00 0|hun |
| 015 |
|
|
|a SNBRB2022/02
|
| 040 |
|
|
|a DSZK
|b slo
|c DSZK
|e rda
|
| 041 |
|
|
|a hun
|
| 043 |
|
|
|a e-xo---
|
| 044 |
|
|
|a xo
|c SK
|
| 072 |
|
7 |
|a 792
|x Divadlo. Divadelné predstavenia
|2 konspekt
|
| 072 |
|
7 |
|a 791/793
|x Divadlo, film, tanec (všeobecne)
|2 konspekt
|
| 080 |
|
|
|a 792.09
|2 2011
|
| 080 |
|
|
|a 791/792.071.2
|2 2011
|
| 100 |
1 |
|
|a Szabó, László G.,
|d 1955-
|4 ivr
|9 840019
|
| 245 |
1 |
0 |
|a Csendben síró, rendes asszony
|c Szabó G. László
|
| 300 |
|
|
|b Fotografie
|
| 336 |
|
|
|a text
|b txt
|2 rdacontent
|
| 337 |
|
|
|a bez média
|b n
|2 rdamedia
|
| 338 |
|
|
|a zväzok
|b nc
|2 rdacarrier
|
| 600 |
1 |
7 |
|a Kiss, Mari,
|d 1952-
|2 dszk
|9 848906
|
| 600 |
1 |
7 |
|a Durica, Katarina
|t A rendes lányok csendben sírnak
|2 dszk
|9 1530527
|
| 650 |
0 |
7 |
|a divadelné predstavenia
|2 SNKPH
|9 3328
|
| 650 |
0 |
7 |
|a herečky
|2 SNKPH
|9 59028
|
| 651 |
|
7 |
|a Szombathely (Maďarsko)
|2 SNKPHgeo
|9 92811
|
| 651 |
|
7 |
|a Dunajská Streda (Slovensko)
|2 SNKPHgeo
|9 17375
|
| 700 |
1 |
|
|a Kiss, Mari,
|d 1952-
|4 ive
|9 848906
|
| 773 |
0 |
|
|t Új szó
|g Évf. 75, sz. 45 (2022.02.24), o. 24
|x 1335-7050
|
| 958 |
|
|
|a SK
|
| 958 |
|
|
|a HU
|
| 958 |
|
|
|a RG
|
| 999 |
|
|
|c 3198352
|d 3200282
|